Quizzes
Events
Quiz Creation
Community
Videos
Private Events
Remove Ads
Sign In
Join for FREE
Feedback
Dark Mode
Quiz Categories
Sports
Geography
Music
Movies
Television
Just For Fun
Miscellaneous
History
Literature
Language
Science
Gaming
Entertainment
Religion
Holiday
For Kids
Quiz Lab
Recent
Popular Today
Quiz Kudos Today
Editor Picks
Curator Picks
Quizzes by...
Day
Popularity
Type
Ratings
Length
Year
Community
Subscriptions
Recent Discussions
Orange Saloon
Badges
Playlists
Quests
Create
Leaderboards
Showdown
Live 5
Trivia Bingo
Activity
Puzzle Library
Sporcle Events
Private Events
Virtual Trivia
Globe League
Become a Host
Pub Owners
SporcleCon
Opinionation
Our Games
Videos
Blog
Mobile Apps
Partnerships
Remove Ads and Go Orange
Feedback
Entertainment
Celebrity
Famous
Musical
Broadway
Show
Quote
Comic Books
Anime
Superhero
DC Comics
Marvel
Cartoons
Animation
Entertainment
Celebrity
Famous
Musical
Broadway
Show
Quote
Comic Books
Anime
Superhero
DC Comics
Marvel
Cartoons
Animation
Random Quiz
Search Sporcle
×
Featured
Featured
Entertainment
This or That
Type in answers that appear in a list
Type in answers that appear in a list
Classic
Best Score? Go Orange.
Secret Identities: Marvel or DC? Stats
Can you decide whether each secret identity belongs to a character from (M)arvel or (D)C comics?
By
ColinDaCommunist
3m
30 Questions
19.2K Plays
19,168 Plays
19,168 Plays
Comments
Comments
Give Quiz Kudos
Give Quiz Kudos
-
- Ratings
hide this ad
Forced Order
Answers have to be entered in order
Answers have to be entered in order
Wrong Answers
Some wrong answers will appear in red
Some wrong answers will appear in red
Random Order
Randomize order of answers
Randomize order of answers
Replay
Link that replays current quiz
Next Quiz
Link to next quiz in quiz playlist
You Got
0%
They Got
Avg Score
79%
Avg Friend Score
Upgrade to see
Score Distribution
Jump to the score distribution portion of the page
Score
0/30
Timer
03:00
1
Play Today
Name
(M)arvel or (D)C?
% Correct
Tony Stark
???
92.4%
Peter Parker
???
91.7%
Steve Rogers
???
91.3%
Natasha Romanoff
???
91.1%
Clark Kent
???
89.7%
Bruce Banner
???
89.7%
Peter Quill
???
87.9%
Bruce Wayne
???
87.4%
Pietro Maximoff
???
86.3%
Diana Prince
???
86.2%
Barry Allen
???
85.9%
James 'Logan' Howlett
???
83.4%
Carol Danvers
???
82.2%
Hal Jordan
???
81.9%
Arthur Curry
???
81.6%
Name
(M)arvel or (D)C?
% Correct
Billy Batson
???
80.2%
Wade Wilson
???
79.8%
Eddie Brock
???
79.2%
Pamela Isley
???
77.8%
Hank McCoy
???
75.6%
Johnny Blaze
???
75%
Hunter Zolomon
???
74.5%
Slade Wilson
???
74.4%
Frank Castle
???
72%
John Smith
???
69.4%
Jonathon Osterman
???
67.5%
Kurt Wagner
???
67.2%
Tara Markov
???
66.2%
David Hyde
???
64.3%
Kara Danvers
???
53.9%
Quiz Playlist
Details
Report
Send in Message
Add To Playlist
Classic:
Type in answers that appear in a list
Forced Order:
Answers have to be entered in order
Wrong Answers:
Some wrong answers will appear in red
Random Order:
Randomize order of answers
Last Updated: Sep 10, 2020
Featured
Quiz Scoreboard
CHALLENGE
Sign Up to Join the Scoreboard
Show All
Scores
Hide
Comments
May contain spoilers
Recently Published
An Introduction to Baseball
by treessimontrees
Sports
5m
Movies - When Are They Set?
by FPL_Elf
Movies
5m
Popular People in 1961
by mucciniale
History
6m
More to Explore
Quiz From the Vault
Featured Blog Post
Where Did the Easter Bunny Come From?
hide this ad
You Might Also Like...
Tags
DC Comics Quiz
Marvel Quiz
This or That Quiz
DC Characters
Marvel Characters
Secret Identities
Today's Top Quizzes in Entertainment
Browse Entertainment
hide this ad
Today's Top Quizzes in This or That
Browse This or That
Top Contributed Quizzes in Entertainment
1
Kamen Rider Motifs
2
7-to-1: DC Comics Villains
3
Dragon Ball Z: Goku's Fights in Order
4
Dragon Ball Z: Mega Character Search
5
Marvel Characters Bunker
6
Criteria Quickie: Cartoon Taxonomy II
7
Fictional Villains Letter U Blitz
8
Sorting Pictures: Villains
9
One Thing in Common: Fictional Characters
10
Eurovision 2023 Logic Puzzle
Explore More
Trending Topics
Marvel
Disney
Anime
Crossword
NBA
Kpop
Harry Potter
Soccer
WWE
Puzzle
The Office
NFL
Country
Song
Pokémon
hide this ad
More By:
ColinDaCommunist
Quiz
Plays
Rating
Category
Featured
Created
Secret Identities: Marvel or DC?
19,168
4.49
Entertainment
Aug 27, 2018
Follow that Lyric: Aladdin
1,790
4.67
Music
Apr 11, 2019
Disney Renaissance: Complete Soundtrack
1,522
5.00
Music
Mar 20, 2019
Where Disney Movies Take Place
1,368
4.33
Movies
Apr 14, 2019
First Line of Disney Renaissance Songs
968
5.00
Music
Apr 4, 2019
Go to Creator's Profile
Score Distribution
Quiz Creator Spotlight
ColinDaCommunist
Follow
Send a Message
Quizzes Created
-
Created Quiz Play Count
-
More By This Creator
Popular Quizzes Today
1
Find the Countries of Europe - No Outlines Minefield
2
Find the US States - No Outlines Minefield
3
The Countries of the World
4
Popular People in 1961
5
US States
6
Find the US States
7
1-10 Letter E Words III
8
Risky Map Clicking: Biggest States A-Z
More Entertainment Quizzes
Celebrity by Scandal
Published
Trending Quizzes
Risky Map Clicking: Least Populous States A-Z
1-10 Letter F Words
1-10 Letter G Words
Not Quite an Element Typing Challenge
One Thing in Common: United Kingdom
Recently Updated
Leaping Animals
pecheneg
Reality TV Shows (A-Z)
bhenderson79
Rickey Henderson's Hall of Fame Teammates
pecheneg
Champions League XIs: Arsenal
pecheneg
Quick Pick: Celebrities in WWE's Hall of Fame
aduchscher
A-Z Keypad Blitz II
pecheneg
Multiple Oscar Actors
pecheneg
Mystery Phrase Blitz: Oscar 'Best Actors'
pecheneg
F. Scott Fitzgerald Novels
LTH
Pick 3 Villains
ddd62291
Trending Topics
Disney
Crossword
Kpop
NBA
Harry Potter
Marvel
Anime
Soccer
Song
The Office
Pokémon
WWE
NFL
Country
Puzzle
Your Account Isn't Verified!
In order to create a playlist on Sporcle, you need to verify the email address you used during registration. Go to your
Sporcle Settings
to finish the process.
Report this User
Report this user for behavior that violates our
Community Guidelines
.
Details:
Send Report
Go to the Sporcle.com Mobile Site →
Comments